Mujeres de papel : (Record no. 193078)

MARC details
000 -LEADER
campo de control de longitud fija 01478nam a2200397 i 4500
001 - NÚMERO DE CONTROL
campo de control 193078
003 - IDENTIFICADOR DE NÚMERO DE CONTROL
campo de control SpMaBN
005 - FECHA Y HORA DE LA ÚLTIMA TRANSACCIÓN
campo de control 20251207063034.0
007 - CAMPO FIJO DE DESCRIPCIÓN FÍSICA--INFORMACIÓN GENERAL
campo de control de longitud fija ta
008 - DATOS DE LONGITUD FIJA--INFORMACIÓN GENERAL
campo de control de longitud fija 230727s1990 sp | |||| ||spa d
016 7# - NÚMERO DE CONTROL DE UNA AGENCIA BIBLIOGRÁFICA NACIONAL
Número de control del registro bimoBNE19930220239
Número de control cancelado/no válido SIC92009321
Fuente SpMaBN
017 ## - NÚMERO DE COPYRIGHT O DE DEPÓSITO LEGAL
Número de copyright o de depósito legal B 22787-1990
Agencia que asigna Oficina Depósito Legal Barcelona
020 ## - NÚMERO INTERNACIONAL ESTÁNDAR DEL LIBRO
Número Internacional Estándar del Libro 8474261694
035 ## - NÚMERO DE CONTROL DEL SISTEMA
Número de control de sistema (OCoLC)434831341
035 ## - NÚMERO DE CONTROL DEL SISTEMA
Número de control de sistema bimo0000296994
040 ## - FUENTE DE CATALOGACIÓN
Centro catalogador/agencia de origen SpMaBN
Lengua de catalogación spa
Centro/agencia transcriptor SIC
Centro/agencia modificador ES-MaACL
080 ## - NÚMERO DE LA CLASIFICACIÓN DECIMAL UNIVERSAL
Número de la Clasificación Decimal Universal (05.055.2)
100 ## - ENTRADA PRINCIPAL--NOMBRE DE PERSONA
Nombre de persona Gallego Ayala, Juana,
Fechas asociadas al nombre 1955-
Número de control del registro de autoridad o número normalizado XX843095
9 (RLIN) 233911
245 10 - MENCIÓN DEL TÍTULO
Título Mujeres de papel :
Resto del título De ¡Hola! a Vogue : La prensa femenina en la actualidad /
Mención de responsabilidad, etc. Juana Gallego Ayala
250 ## - MENCION DE EDICION
Mención de edición 1ª ed.
260 ## - PUBLICACIÓN, DISTRIBUCIÓN, ETC.
Lugar de publicación, distribución, etc. Barcelona :
Nombre del editor, distribuidor, etc. Icaria,
Fecha de publicación, distribución, etc. 1990
300 ## - DESCRIPCIÓN FÍSICA
Extensión 202 p. ;
Dimensiones 21 cm
336 ## - TIPO DE CONTENIDO
Fuente rdacontent
Término de tipo de contenido Texto
337 ## - TIPO DE MEDIO
Fuente rdamedia
Nombre/término del tipo de medio sin mediación
338 ## - TIPO DE SOPORTE
Fuente rdacarrier
Nombre/término del tipo de soporte volumen
490 1# - MENCIÓN DE SERIE
Mención de serie Icaria antrazit ;
Designación de volumen o secuencia 57
500 ## - NOTA GENERAL
Nota general Catalogación provisional. Signatura: N 8588. Depósito J.
650 #4 - PUNTO DE ACCESO ADICIONAL DE MATERIA--TÉRMINO DE MATERIA
Término de materia o nombre geográfico como elemento de entrada Publicaciones periódicas femeninas
Fuente del encabezamiento o término embne
9 (RLIN) 16607
830 ## - PUNTO DE ACCESO ADICIONAL DE SERIE-TÍTULO UNIFORME
9 (RLIN) 178643
Título uniforme Icaria antrazit ;
Designación de volumen o secuencia 57
852 ## - LOCALIZACIÓN
Ubicación ES-MaACL
itemnumber 200384
Sublocalización o colección R.131640
Número de control de estantería N-8588
Ubicación en estantería Depósito J
Donativo/Legado Donación: Editorial
Nota libre En proceso
942 ## - ELEMENTOS DE ENTRADA SECUNDARIOS (KOHA)
Suprimir en OPAC No
Tipo de ítem Koha Libro impreso
Holdings
Estatus retirado Estado de pérdida Fuente del sistema de clasificación o colocación Estado de daño No para préstamo Biblioteca de origen Biblioteca actual Ubicación en estantería Fecha de adquisición Fuente de adquisición Total de préstamos Signatura topográfica completa Código de barras Visto por última vez Precio de reemplazo Tipo de ítem Koha
    Clasificación decimal universal     Biblioteca del Ateneo de Madrid Biblioteca del Ateneo de Madrid Depósito J 01/07/2023 Donación   N-8588 101205677 27/07/2023 27/07/2023 Libro impreso